000 00656nam a2200217 i 4500
001 9912
003 ES-MaACL
005 20251016161449.0
008 940509s1989 xxk ||||1| eng d
020 _a0-571-11838-0
080 _a82-14"19"
100 1 _aPlath, Sylvia,
_d1932-1963
_9242366
245 1 0 _aCollected Poems /
_cSylvia Plath ; [edited with an introduction by Ted Hughes].
260 _aLondon ;
_aBoston :
_bFaber and Faber,
_c[1989]
300 _a351 p. ;
_c22 cm.
655 7 _2tgfbne
_9176539
_aPoesías
700 0 _aHughes, Ted,
_d1930-1998
_964619
852 _aES-MaACL
_jL-17366
942 _2udc
999 _c9912
_d9912